000 00629cam a2200205 4500500
005 20260329003948.0
041 _afre
042 _adc
100 1 0 _aEltchaninoff, Michel
_eauthor
245 0 0 _aCatalogne, l’indépendance de confort ?
260 _c2017.
500 _a58
690 _aCatalogne
690 _aChristopher Lasch
690 _aIndépendance
690 _aJosé Ortega y Gasset
690 _aPolitique
786 0 _nPhilosophie magazine | 114 | 11 | 2017-11-01 | p. 6-6 | 1951-1787
856 4 1 _uhttps://shs.cairn.info/magazine-philosophie-magazine-2017-11-page-6?lang=fr&redirect-ssocas=7080
999 _c1829313
_d1829313